000 00575nam a2200181 4500
001 43009
090 _a43009
100 _a20240417 pory50
101 _apor
_aing
102 _aPT
200 _aHarry Potter e o Prisioneiro de Azbakan
_dAno três
_frealiz Alfonso Cuarón
_gprod. David Heyman ; chris Columbos , Mark Radcliffe
_gact.s : Daniel Radclife , Rupert Grant , Emma Watson
210 _cWarner Bros Pictures
215 _a1 DVD
300 _a136 mins M/6
314 _abaseado na obra de J.K. Rowling
675 _a92-312.9
801 _aPT
_gRPC
990 _cFILMES DVD